Pháp luật về hợp đồng tín dụng liên quan đến thế chấp bất động sản - Hạn chế và hướng hoàn thiện từ thực tiễn giải quyết tranh chấp tại toà án nhân dân Luận văn thạc sĩ. Chuyên ngành: Luật Kinh tế. Mã ngành: 8380107
Na minha lista:
| Autor principal: | |
|---|---|
| Nhiều tác giả của công ty: | , |
| Outros Autores: | |
| Idioma: | Undetermined Vietnamese |
| Publicado em: |
Trà Vinh
Trường Đại học Trà Vinh
2019
|
| Assuntos: | |
| Tags: |
Adicionar Tag
Sem tags, seja o primeiro a adicionar uma tag!
|
| Thư viện lưu trữ: | Trung tâm Học liệu Trường Đại học Trà Vinh |
|---|
| LEADER | 01122nam a2200289Ia 4500 | ||
|---|---|---|---|
| 001 | TVU_32088 | ||
| 008 | 210423s9999 xx 000 0 und d | ||
| 041 | |a vie | ||
| 082 | |a 346.597073 | ||
| 082 | |b Kh100 | ||
| 100 | |a Trần, Bá Kha | ||
| 245 | 0 | |a Pháp luật về hợp đồng tín dụng liên quan đến thế chấp bất động sản - Hạn chế và hướng hoàn thiện từ thực tiễn giải quyết tranh chấp tại toà án nhân dân | |
| 245 | 0 | |b Luận văn thạc sĩ. Chuyên ngành: Luật Kinh tế. Mã ngành: 8380107 | |
| 245 | 0 | |c Trần Bá Kha ; Lê Nết (hướng dẫn khoa học) | |
| 260 | |a Trà Vinh | ||
| 260 | |b Trường Đại học Trà Vinh | ||
| 260 | |c 2019 | ||
| 300 | |a viii, 84, 11 tr. | ||
| 300 | |b minh hoạ | ||
| 300 | |c 30 cm | ||
| 504 | |a Thư mục: tr.79-84 | ||
| 650 | |a Tranh chấp pháp luật; Tín dụng | ||
| 700 | |a Trần Bá Kha; Lê Nết | ||
| 700 | |e hướng dẫn khoa học | ||
| 710 | |a Ủy ban Nhân dân tỉnh Trà Vinh | ||
| 710 | |b Trường Đại học Trà Vinh | ||
| 980 | |a Trung tâm Học liệu Trường Đại học Trà Vinh | ||